LEADER 00980cam a2200253 i 4500 001 991002388469707536 008 131204s2013 it a b 001 0bita 020 $a9788860368720 035 $ab14166276-39ule_inst 040 $aDip.to di Storia, Società e Studi sull'Uomo - Sez. Studi Storici$bita 082 04$a324.2450752092 100 1 $aLama, Luisa$0479208 245 10$aNilde Iotti :$buna storia politica al femminile /$cLuisa Lama ; introduzione di Livia Turco 260 $aRoma :$bDonzelli,$cc2013 300 $aXVIII, 264 p., [4] carte di tav. :$bill. ;$c22 cm. 440 0$aSaggi.$pStoria e scienze sociali 600 14$aIotti, Nilde 700 1 $aTurco, Livia 907 $a.b14166276$b15-05-14$c04-12-13 912 $a991002388469707536 945 $aLE023 324.245 LAM 1 1$g1$i2023000165089$lle023$op$pE30.00$q-$rl$s- $t0$u6$v0$w6$x0$y.i15592248$z24-02-14 996 $aNilde Iotti$9260514 997 $aUNISALENTO 998 $ale023$b24-02-14$cm$da $e-$fita$git $h0$i0 LEADER 01810nas 2200433 n 450 001 990009072310403321 005 20240229084427.0 011 $a0506-7286 035 $a000907231 035 $aFED01000907231 035 $a(Aleph)000907231FED01 035 $a000907231 091 $2CNR$aP 00120287 100 $a20090724a19689999km-y0itaa50------ba 101 0 $ager 102 $aDE 110 $aauu-------- 200 1 $aVerfassung und Recht in Übersee 207 1$a1968- 210 $aBaden-Baden$cNomos-Verlagsgesellschaft 530 0 $aVerfassung und Recht in Übersee 675 $a347 675 $a947 675 $a950 675 $a34(100-772/-773) 675 $a[342:32](100-772/-773) 676 $a342 712 02$aUniversität Hamburg.$bInstitut für Internationale Angelegenheiten 712 02$aHamburger Gesellschaft für Völkerrecht und Auswärtige Politik 801 0$aIT$bACNP$c20090723 859 4 $uhttp://acnp.cib.unibo.it/cgi-ser/start/it/cnr/dc-p1.tcl?catno=67162&person=false&language=ITALIANO&libr=&libr_th=unina1$zBiblioteche che possiedono il periodico 901 $aSE 912 $a990009072310403321 958 $aBiblioteca del Dipartimento di Diritto dell'Economia. Università di Napoli Federico II$b1989-2001;2003-2005;$e2/106$fDEC 959 $aDEC 996 $aVerfassung und Recht in Übersee$9786942 997 $aUNINA AP1 8 $6866-01$aNA032 Biblioteca del Dipartimento di Diritto dell'Economia. Università di Napoli Federico II$b2/106$evia Cintia, Compl. Univ. Monte S. Angelo, 80126 Napoli (NA)$m081 675190 081 675122$m081 675123$nit AP2 40$aacnp.cib.unibo.it$nACNP Italian Union Catalogue of Serials$uhttp://acnp.cib.unibo.it/cgi-ser/start/it/cnr/df-p.tcl?catno=67162&language=ITALIANO&libr=&person=&B=1&libr_th=unina&proposto=NO